| 000 | | | 03574nac2a22002531x 450 |
| 001 | | | 29025579-43bf-4291-8201-3499f6233422 |
| 005 | | | 20131008181953.0 |
| 100 | ## | $a | 20130529l1894 k y0rusy50 ca |
| 101 | 0# | $a | rus |
| 102 | ## | $a | RU |
| 105 | ## | $a | y z ||||| |
| 122 | 0# | $a | d18940727 |
| 200 | 1# | $a | Обвинительный акт по делу о столкновении пароходов "Владимир" и "Колумбия" |
| | $j | 27 июля 1894 |
| 215 | ## | $a | 4 листа |
| 251 | ## | $c | Дело |
| 300 | ## | $a | Типографский экземпляр |
| 324 | ## | $a | Копия |
| 330 | ## | $a | Документальные материалы, отложившиеся в результате служебной и общественной деятельности А. Ф. Кони; По судебному ведомству |
| 461 | #0 | $1 | 0013a54f2e3-e9cf-409b-80fa-f0a9bd3c40cb |
| | $1 | 2001 |
| | $a | Кони Анатолий Федорович, юрист, литератор, член академии наук, председатель Санкт-Петербургского окружного суда, член государственного совета |
| | $1 | 251 |
| | $c | Фонд |
| | $1 | 852 |
| | $j | 564 |
| 462 | #0 | $1 | 00178a475cd-a47d-4377-bff3-cee4b81de655 |
| | $1 | 2001 |
| | $a | Опись дел фонда А. Ф. Кони за 1880-1931 гг. |
| | $1 | 251 |
| | $c | Опись |
| | $1 | 852 |
| | $j | 1 |
| 600 | #1 | $a | Кони |
| | $b | А. Ф. |
| | $f | 1844-1927 |
| | $g | Анатолий Федорович |
| 801 | #0 | $a | RU |
| | $b | GA_RF |
| 801 | #1 | $a | RU |
| | $b | НПО Опыт |
| | $c | 20130529 |
| | $2 | rusmarc |
| 801 | #2 | $a | RU |
| | $b | ПБ им. Б.Н. Ельцина |
| | $c | 20131008 |
| | $g | RCR |
| | $2 | rusmarc |
| 852 | ## | $a | ГА РФ |
| | $j | 589 |
| 937 | ## | $d | 38355150 |
| | $h | ПБ |
| 035 | ## | $a | RuPRLIB51001215 |